|
|
|
|
| LEADER |
00000nam0a2200000 4500 |
| 001 |
114079 |
| 005 |
20231031122137.0 |
| 010 |
|
|
|a 5224046696
|
| 035 |
|
|
|a (RuTPU)RU\TPU\book\123371
|
| 090 |
|
|
|a 114079
|
| 100 |
|
|
|a 20070419d2006 m y0rusy50 ca
|
| 101 |
0 |
|
|a rus
|
| 102 |
|
|
|a RU
|
| 105 |
|
|
|a y z 000ay
|
| 200 |
1 |
|
|a Скорбящая вдова. (Молился богу сатана)
|e роман
|f С. Алексеев
|
| 210 |
|
|
|a Москва
|c Олма-Пресс
|d 2006
|
| 215 |
|
|
|a 314 с.
|
| 225 |
1 |
|
|a Сокровища Сергея Алексеева
|
| 330 |
|
|
|a Скорбящая вдова — так нарекли в Москве боярыню Морозову. Семь лет после смерти мужа она не снимала траур и носила власяницу. Господь послал ей Аввакума, который стал ей духовным отцом, укрепил тем, что наставил не о горе думать, не себя жалеть — страдать за нищих и убогих. Однажды ночью в ворота боярского дома постучался странник и попросил приюта...
|
| 610 |
1 |
|
|a русская литература
|
| 610 |
1 |
|
|a романы
|
| 610 |
1 |
|
|a исторические романы
|
| 675 |
|
|
|a Р2
|v 3
|
| 700 |
|
1 |
|a Алексеев
|b С.
|g Сергей
|
| 801 |
|
1 |
|a RU
|b 63413507
|c 20070419
|g PSBO
|
| 801 |
|
2 |
|a RU
|b 63413507
|c 20070425
|g PSBO
|
| 942 |
|
|
|c BK
|